| 000 | 00928nam a2200217Ia 4500 | ||
|---|---|---|---|
| 999 |
_c39802 _d39802 |
||
| 001 | 6407 | ||
| 003 | GE_BSU | ||
| 005 | 20190529203747.0 | ||
| 008 | 181216s1969||||ge |||||||||||||| ||geo|| | ||
| 040 | _cGE_BSU | ||
| 041 | _ageo | ||
| 080 | _a546(075.8) კ-67 | ||
| 100 |
_aკოკოჩაშვილი, ვ _91760 |
||
| 245 |
_aარაორგანული ქიმიის კურსი II : ნაწილი : სახელმძღვ. / _cვ. კოკოჩაშვილი ; ნ. ფირცხალავა ; რედ : დ. გვარამაძე. |
||
| 264 |
_a თბილისი: _bუნ-ის გამ-ბა _c1969. |
||
| 300 |
_a800 გვ .: _c26 სმ. |
||
| 653 | _aარაორგანული ქიმიის კურსი | ||
| 653 | _aქიმია | ||
| 700 |
_aგვარამაძე, დ _eრედაქტორი _91766 |
||
| 942 |
_cBK _2udc |
||